LEADER 01931nas 2200589-a 450 001 996251346803316 005 20230222213018.0 011 $a1740-5572 035 $a(OCoLC)60619280 035 $a(CKB)110978984567839 035 $a(CONSER)--2008228662 035 $a(DE-599)ZDB2132308-2 035 $a(EXLCZ)99110978984567839 100 $a20050614a19969999 s-- - 101 0 $aeng 135 $aurun||||||||| 181 $ctxt$2rdacontent 182 $cc$2rdamedia 183 $acr$2rdacarrier 200 14$aThe international journal of evidence & proof 210 $aLondon $cBlackstone Press 300 $aVolumes for <2006-> published: Dalby, Isle of Man: Vathek Publishing. 300 $aRefereed/Peer-reviewed 311 $a1365-7127 517 1 $aInternational journal of evidence and proof 517 1 $aEvidence & proof 517 1 $aE & P 517 1 $aInt'l J. Evidence & Proof 531 $aINTERNATIONAL JOURNAL OF EVIDENCE OF PROOF 531 $aTHE INTERNATIONAL JOURNAL OF EVIDENCE AND PROOF 531 $aINTERNATIONAL JOURNAL OF EVIDENCE AND PROOF 531 $aINTERNATIONAL JOURNAL OF EVIDENCE & PROOF 531 $aINTERNATIONAL JOURNAL OF EVIDENCE AND PROOF, THE 606 $aEvidence (Law)$vPeriodicals 606 $aBurden of proof$vPeriodicals 606 $aPreuve (Droit)$vPériodiques 606 $aFardeau de la preuve$vPériodiques 606 $aLaw$2ebps 606 $aBurden of proof$2fast$3(OCoLC)fst00841697 606 $aEvidence (Law)$2fast$3(OCoLC)fst00917186 608 $aPeriodicals.$2fast 615 0$aEvidence (Law) 615 0$aBurden of proof 615 6$aPreuve (Droit) 615 6$aFardeau de la preuve 615 7$aLaw. 615 7$aBurden of proof. 615 7$aEvidence (Law) 906 $aJOURNAL 912 $a996251346803316 996 $aThe international journal of evidence & proof$92138695 997 $aUNISA LEADER 02351oam 2200625 a 450 001 9910701495403321 005 20120613163353.0 035 $a(CKB)5470000002418119 035 $a(OCoLC)775482595 035 $a(EXLCZ)995470000002418119 100 $a20120207d2012 ua 0 101 0 $aeng 135 $aurbn||||a|||| 181 $ctxt$2rdacontent 182 $cc$2rdamedia 183 $acr$2rdacarrier 200 14$aThe European debt crisis$b[electronic resource] $estrategic implications for the transatlantic alliance : hearing before the Subcommittee on European Affairs of the Committee on Foreign Relations, United States Senate, One Hundred Twelfth Congress, first session, November 2, 2011 210 1$aWashington :$cU.S. G.P.O.,$d2012. 215 $a1 online resource (iii, 54 pages) $cillustrations 225 1 $aS. hrg. ;$v112-204 300 $aTitle from title screen (viewed on Feb. 7, 2012). 300 $aPaper version available for sale by the Supt. of Docs., U.S. G.P.O. 320 $aIncludes bibliographical references (pages 53-54). 517 $aEuropean debt crisis 606 $aFinancial crises$zEuropean Union countries 606 $aCurrency crises$zEuropean Union countries 606 $aDebts, Public$zEuropean Union countries 606 $aMonetary policy$zEuropean Union countries 606 $aEuro 606 $aEurozone 606 $aEconomic stabilization$zEuropean Union countries 606 $aFinancial crises$zGreece 606 $aDebts, Public$zGreece 606 $aEconomic stabilization$zGreece 607 $aEuropean Union countries$xEconomic policy 607 $aEuropean Union countries$xEconomic conditions 607 $aUnited States$xForeign economic relations$zEuropean Union countries 607 $aEuropean Union countries$xForeign economic relations$zUnited States 615 0$aFinancial crises 615 0$aCurrency crises 615 0$aDebts, Public 615 0$aMonetary policy 615 0$aEuro. 615 0$aEurozone. 615 0$aEconomic stabilization 615 0$aFinancial crises 615 0$aDebts, Public 615 0$aEconomic stabilization 801 0$bGPO 801 1$bGPO 801 2$bGPO 906 $aBOOK 912 $a9910701495403321 996 $aThe European debt crisis$92660204 997 $aUNINA